[Event "ODJM C 2024"]
[Site "Willingen GER"]
[Date "2024.05.20"]
[Round "3"]
[White "Wagner, Valentin Thien-Phu"]
[Black "Schwarzfischer, Ramona"]
[Result "0-1"]
[Termination "normal"]
[Board "41"]
[WhiteElo "863"]
[BlackElo "974"]
[WhiteClock "00:59:04"]
[BlackClock "01:06:47"]
[PlyCount "44"]
[WhiteFideId "34603492"]
[BlackFideId "16268113"]
[EventCountry "GER"]
[EventRounds "9"]
[EventType "swiss"]
[EventDate "2024.05.18"]

1. e4 {[%clk 01:30:58]} {[%emt 00:03:22]} c6 {[%clk 01:30:55]} 2. Nf3 {[%clk
01:31:19]} d5 3. exd5 {[%clk 01:30:38]} cxd5 {[%clk 01:31:41]} 4. d4 {[%clk
01:31:04]} Bf5 {[%clk 01:31:59]} 5. Nc3 {[%clk 01:31:01]} e6 {[%clk 01:32:19]}
6. Bf4 {[%clk 01:30:56]} Nf6 {[%clk 01:30:51]} 7. Bxb8 {[%clk 01:29:32]} Rxb8
{[%clk 01:31:01]} 8. Bb5+ {[%clk 01:25:53]} Ke7 {[%clk 01:29:56]} 9. Ne5 {[%clk
01:24:23]} Rc8 {[%clk 01:28:25]} 10. Qe2 {[%clk 01:20:47]} a6 {[%clk 01:28:18]}
11. Ba4 {[%clk 01:12:47]} b5 {[%clk 01:24:46]} 12. Bxb5 {[%clk 01:12:31]} axb5
{[%clk 01:25:06]} 13. Qxb5 {[%clk 01:12:49]} Qc7 14. a4 {[%clk 01:06:28]} Ne4
{[%clk 01:14:59]} {[%emt 00:06:05]} 15. Qb4+ {[%clk 01:05:51]} {[%emt
00:01:05]} Kf6 {[%clk 01:13:06]} {[%emt 00:02:26]} 16. Nxe4+ {[%clk 01:01:00]}
{[%emt 00:05:21]} Bxe4 {[%clk 01:12:27]} {[%emt 00:01:09]} 17. Qb3 {[%clk
01:01:07]} {[%emt 00:00:22]} Bd6 {[%clk 01:11:49]} {[%emt 00:01:08]} 18. f4
{[%clk 01:01:25]} {[%emt 00:00:11]} Ke7 {[%clk 01:09:52]} {[%emt 00:02:27]} 19.
Rf1 {[%clk 01:00:57]} {[%emt 00:01:00]} f6 {[%clk 01:08:06]} {[%emt 00:02:16]}
20. Ng4 {[%clk 01:00:14]} {[%emt 00:01:12]} Rb8 {[%clk 01:07:54]} {[%emt
00:00:42]} 21. Qa2 {[%clk 01:00:23]} {[%emt 00:00:21]} Qxc2 {[%clk 01:07:21]}
{[%emt 00:01:04]} 22. b3 {[%clk 00:59:04]} {[%emt 00:01:48]} Bb4# {[%clk
01:06:47]} {[%emt 00:00:23]} 0-1

[Event "ODJM C 2024"]
[Site "Willingen GER"]
[Date "2024.05.20"]
[Round "3"]
[White "Muhl, Justinus"]
[Black "Schmidt, Lina"]
[Result "1-0"]
[Termination "normal"]
[Board "42"]
[WhiteElo "928"]
[BlackElo "746"]
[WhiteClock "00:39:20"]
[BlackClock "01:28:05"]
[PlyCount "107"]
[WhiteFideId "34635190"]
[BlackFideId "34681493"]
[EventCountry "GER"]
[EventRounds "9"]
[EventType "swiss"]
[EventDate "2024.05.18"]

1. e4 {[%clk 01:30:25]} {[%emt 00:01:05]} e5 2. Nf3 {[%clk 01:29:24]} Nc6
{[%clk 01:31:16]} 3. Bc4 {[%clk 01:28:27]} d6 {[%clk 01:31:05]} 4. c3 {[%clk
01:27:01]} Be6 5. Bb5 {[%clk 01:27:02]} Bd7 {[%clk 01:31:28]} 6. O-O {[%clk
01:26:17]} Nf6 {[%clk 01:31:55]} 7. d3 {[%clk 01:25:19]} d5 {[%clk 01:32:07]}
8. exd5 {[%clk 01:22:58]} Nxd5 {[%clk 01:32:21]} 9. Bxc6 {[%clk 01:22:27]} Bxc6
{[%clk 01:30:19]} 10. Nxe5 {[%clk 01:22:04]} Bd7 {[%clk 01:30:00]} 11. Nxd7
{[%clk 01:22:13]} Qxd7 12. Re1+ {[%clk 01:21:18]} Be7 {[%clk 01:30:37]} 13. Qf3
{[%clk 01:19:06]} c6 14. Nd2 {[%clk 01:15:12]} O-O {[%clk 01:28:13]} 15. Ne4
{[%clk 01:12:03]} Nf6 {[%clk 01:26:48]} 16. Nxf6+ {[%clk 01:05:26]} Bxf6 {[%clk
01:27:07]} 17. d4 Rae8 {[%clk 01:26:30]} 18. Bd2 {[%clk 00:52:13]} Re7 {[%clk
01:26:25]} 19. Rxe7 {[%clk 00:51:11]} Bxe7 {[%clk 01:26:36]} 20. Re1 {[%clk
00:49:17]} Re8 {[%clk 01:26:59]} 21. h3 {[%clk 00:48:45]} Bd6 {[%clk 01:26:59]}
22. Rxe8+ {[%clk 00:47:36]} Qxe8 {[%clk 01:27:21]} 23. Bf4 {[%clk 00:46:16]}
Bb8 {[%clk 01:27:01]} 24. Bxb8 {[%clk 00:45:06]} Qxb8 {[%clk 01:27:20]} 25. Qe4
{[%clk 00:43:54]} h6 {[%clk 01:27:26]} 26. g3 {[%clk 00:41:39]} b6 {[%clk
01:26:51]} 27. Qxc6 {[%clk 00:41:30]} b5 {[%clk 01:26:56]} 28. a3 {[%clk
00:41:23]} Kf8 {[%clk 01:26:11]} 29. Kg2 {[%clk 00:40:08]} Ke7 30. Qe4+ {[%clk
00:39:25]} Kd8 {[%clk 01:26:28]} 31. Qf4 {[%clk 00:37:42]} Qc8 {[%clk
01:26:48]} 32. Qxf7 {[%clk 00:37:14]} a6 {[%clk 01:27:04]} 33. Qf8+ {[%clk
00:37:08]} Kc7 {[%clk 01:27:25]} 34. Qxc8+ {[%clk 00:37:32]} Kxc8 {[%clk
01:27:50]} 35. Kf3 Kd7 {[%clk 01:25:24]} {[%emt 00:01:49]} 36. Ke4 {[%clk
00:37:55]} {[%emt 00:00:30]} Kc6 {[%clk 01:25:33]} {[%emt 00:00:22]} 37. Ke5
{[%clk 00:38:12]} {[%emt 00:00:12]} Kd7 {[%clk 01:25:34]} {[%emt 00:00:28]} 38.
Kd5 {[%clk 00:38:27]} {[%emt 00:00:15]} g6 {[%clk 01:25:53]} {[%emt 00:00:12]}
39. b3 {[%clk 00:36:33]} {[%emt 00:02:16]} h5 {[%clk 01:25:51]} {[%emt
00:00:38]} 40. g4 {[%clk 00:36:50]} {[%emt 00:00:14]} h4 {[%clk 01:25:47]}
{[%emt 00:00:34]} 41. f4 {[%clk 00:37:13]} {[%emt 00:00:06]} Ke7 {[%clk
01:25:52]} {[%emt 00:00:25]} 42. Kc6 {[%clk 00:37:36]} {[%emt 00:00:08]} Kf6
{[%clk 01:26:05]} {[%emt 00:00:18]} 43. d5 {[%clk 00:37:57]} {[%emt 00:00:09]}
Kf7 {[%clk 01:26:04]} {[%emt 00:00:30]} 44. d6 {[%clk 00:38:07]} {[%emt
00:00:19]} Ke8 {[%clk 01:26:00]} {[%emt 00:00:35]} 45. Kc7 {[%clk 00:38:31]}
{[%emt 00:00:04]} a5 {[%clk 01:26:14]} {[%emt 00:00:18]} 46. d7+ {[%clk
00:38:57]} {[%emt 00:00:05]} Kf7 {[%clk 01:26:04]} {[%emt 00:00:39]} 47. d8=Q
{[%clk 00:38:20]} {[%emt 00:01:07]} Ke6 {[%clk 01:26:10]} {[%emt 00:00:24]} 48.
Qd6+ {[%clk 00:38:29]} {[%emt 00:00:20]} Kf7 {[%clk 01:26:23]} {[%emt
00:00:18]} 49. Qe5 {[%clk 00:38:11]} {[%emt 00:00:48]} Kf8 {[%clk 01:26:39]}
{[%emt 00:00:14]} 50. Kd6 {[%clk 00:38:23]} {[%emt 00:00:18]} a4 {[%emt
00:00:14]} 51. Qe7+ {[%clk 00:38:43]} Kg8 {[%clk 01:27:27]} {[%emt 00:00:08]}
52. Ke6 {[%clk 00:38:42]} {[%emt 00:00:32]} axb3 {[%clk 01:27:48]} {[%emt
00:00:08]} 53. Kf6 {[%clk 00:38:57]} {[%emt 00:00:13]} b2 {[%clk 01:28:05]}
{[%emt 00:00:15]} 54. Qg7# {[%clk 00:39:20]} {[%emt 00:00:06]} 1-0

[Event "ODJM C 2024"]
[Site "Willingen GER"]
[Date "2024.05.20"]
[Round "3"]
[White "Hirtzel, Amelie Meiyan"]
[Black "Eßers, Mathilda Marie"]
[Result "0-1"]
[Termination "normal"]
[Board "43"]
[WhiteElo "811"]
[BlackElo "923"]
[WhiteClock "01:17:11"]
[BlackClock "01:19:41"]
[PlyCount "120"]
[WhiteFideId "533001898"]
[BlackFideId "34684093"]
[EventCountry "GER"]
[EventRounds "9"]
[EventType "swiss"]
[EventDate "2024.05.18"]

1. d4 {[%clk 01:30:57]} Nf6 {[%clk 01:30:51]} 2. c4 {[%clk 01:31:23]} g6 {[%clk
01:31:09]} 3. Nc3 a6 {[%clk 01:30:06]} 4. Bf4 {[%clk 01:32:03]} Bg7 {[%clk
01:30:23]} 5. e3 {[%clk 01:32:23]} O-O {[%clk 01:30:43]} 6. Bd3 {[%clk
01:32:45]} d6 {[%clk 01:30:57]} 7. Nf3 {[%clk 01:32:50]} Nbd7 {[%clk 01:31:02]}
8. O-O {[%clk 01:33:04]} Qe8 {[%clk 01:31:09]} 9. Bg5 e5 {[%clk 01:28:38]} 10.
dxe5 {[%clk 01:30:54]} dxe5 {[%clk 01:28:51]} 11. Ne4 {[%clk 01:30:55]} h6
{[%clk 01:28:52]} 12. Nxf6+ {[%clk 01:31:14]} Nxf6 {[%clk 01:28:04]} 13. Bxf6
Bxf6 {[%clk 01:27:52]} 14. Be4 {[%clk 01:30:58]} Qe7 {[%clk 01:26:58]} 15. Qb3
{[%clk 01:30:27]} c6 {[%clk 01:25:42]} 16. Rad1 {[%clk 01:30:10]} Bg4 {[%clk
01:24:45]} 17. h3 {[%clk 01:29:47]} Bxf3 {[%clk 01:24:06]} 18. Bxf3 {[%clk
01:30:08]} e4 {[%clk 01:23:49]} 19. Be2 {[%clk 01:30:19]} Rad8 20. Qc2 {[%clk
01:29:07]} Qe5 {[%clk 01:21:40]} 21. b4 {[%clk 01:28:37]} Be7 {[%clk 01:19:52]}
22. b5 {[%clk 01:28:24]} axb5 {[%clk 01:19:49]} 23. cxb5 {[%clk 01:28:45]} cxb5
{[%clk 01:20:06]} 24. Rb1 {[%clk 01:28:47]} b4 {[%clk 01:20:03]} 25. a3 {[%clk
01:28:09]} Bd6 {[%clk 01:20:12]} 26. g3 {[%clk 01:27:49]} Qc3 27. Qxc3 bxc3
{[%clk 01:19:33]} 28. Rxb7 {[%clk 01:27:55]} Bxa3 {[%clk 01:19:30]} 29. Rb3
{[%clk 01:27:51]} Bb2 {[%clk 01:19:38]} 30. Bc4 {[%clk 01:26:17]} Rd2 31. f4
{[%clk 01:25:05]} {[%emt 00:00:09]} exf3 {[%clk 01:19:21]} {[%emt 00:00:12]}
32. Rxf3 {[%clk 01:24:41]} {[%emt 00:00:55]} Kg7 {[%clk 01:18:48]} {[%emt
00:00:59]} 33. Rf1 {[%clk 01:24:43]} {[%emt 00:00:31]} f5 {[%clk 01:18:53]}
{[%emt 00:00:25]} 34. Rb7+ {[%clk 01:24:32]} {[%emt 00:00:42]} Kh8 {[%clk
01:18:48]} {[%emt 00:00:33]} 35. Bf7 {[%clk 01:23:09]} {[%emt 00:01:54]} c2
{[%clk 01:18:57]} {[%emt 00:00:22]} 36. Rxb2 {[%clk 01:22:21]} {[%emt
00:01:18]} c1=Q {[%clk 01:19:14]} {[%emt 00:00:12]} 37. Rxc1 {[%clk 01:22:31]}
{[%emt 00:00:21]} Rxb2 {[%clk 01:19:29]} {[%emt 00:00:15]} 38. Bxg6 {[%clk
01:22:49]} {[%emt 00:00:12]} Rd8 {[%clk 01:19:13]} {[%emt 00:00:46]} 39. Bxf5
{[%clk 01:22:40]} {[%emt 00:00:39]} Rdd2 {[%clk 01:19:28]} {[%emt 00:00:16]}
40. Be4 {[%clk 01:22:15]} {[%emt 00:00:54]} Rb3 {[%clk 01:19:05]} {[%emt
00:00:53]} 41. Rc8+ {[%clk 01:22:19]} {[%emt 00:00:27]} Kg7 {[%clk 01:19:23]}
{[%emt 00:00:10]} 42. Rc1 {[%clk 01:21:18]} {[%emt 00:01:33]} Rxe3 {[%clk
01:19:28]} {[%emt 00:00:25]} 43. Bh1 {[%clk 01:20:18]} {[%emt 00:01:29]} Rxg3+
{[%clk 01:19:42]} {[%emt 00:00:16]} 44. Kf1 {[%clk 01:20:23]} {[%emt 00:00:25]}
Rxh3 {[%clk 01:19:42]} {[%emt 00:00:30]} 45. Bg2 {[%clk 01:20:32]} {[%emt
00:00:21]} Rh2 {[%clk 01:19:59]} {[%emt 00:00:13]} 46. Be4 {[%clk 01:20:44]}
{[%emt 00:00:18]} Rdf2+ {[%clk 01:20:03]} {[%emt 00:00:26]} 47. Kg1 {[%clk
01:20:39]} {[%emt 00:00:35]} Kf6 {[%clk 01:20:17]} {[%emt 00:00:16]} 48. Rc6+
{[%clk 01:20:11]} {[%emt 00:00:58]} Ke5 {[%clk 01:20:41]} {[%emt 00:00:06]} 49.
Bh1 {[%clk 01:19:58]} {[%emt 00:00:43]} Rc2 {[%clk 01:20:38]} {[%emt 00:00:29]}
50. Rb6 {[%clk 01:19:21]} {[%emt 00:01:10]} h5 {[%clk 01:19:10]} {[%emt
00:02:00]} 51. Rb5+ {[%clk 01:19:31]} {[%emt 00:00:20]} Kf4 {[%clk 01:19:32]}
{[%emt 00:00:07]} 52. Rb4+ {[%clk 01:19:07]} {[%emt 00:00:54]} Kg3 {[%clk
01:19:18]} {[%emt 00:00:43]} 53. Rb1 {[%clk 01:18:42]} {[%emt 00:00:57]} h4
{[%clk 01:19:30]} {[%emt 00:00:17]} 54. Rd1 {[%clk 01:18:32]} {[%emt 00:00:40]}
h3 {[%clk 01:19:34]} {[%emt 00:00:26]} 55. Rb1 {[%clk 01:17:48]} {[%emt
00:01:15]} Rhf2 {[%clk 01:19:13]} {[%emt 00:00:49]} 56. Rb3+ {[%clk 01:17:25]}
{[%emt 00:00:54]} Kh4 {[%clk 01:19:26]} {[%emt 00:00:17]} 57. Rxh3+ {[%clk
01:17:26]} {[%emt 00:00:29]} Kxh3 {[%clk 01:19:46]} {[%emt 00:00:10]} 58. Be4
{[%clk 01:17:45]} {[%emt 00:00:10]} Rcd2 {[%clk 01:19:55]} {[%emt 00:00:22]}
59. Bc6 {[%clk 01:17:35]} {[%emt 00:00:40]} Kg3 {[%clk 01:20:14]} {[%emt
00:00:11]} 60. Be4 {[%clk 01:17:11]} {[%emt 00:00:54]} Rd1# {[%clk 01:19:41]}
{[%emt 00:00:22]} 0-1

[Event "ODJM C 2024"]
[Site "Willingen GER"]
[Date "2024.05.21"]
[Round "4"]
[White "Betz, Niclas"]
[Black "Classen, Marnin"]
[Result "0-1"]
[Termination "normal"]
[Board "1"]
[WhiteElo "1658"]
[BlackElo "1654"]
[WhiteClock "00:59:13"]
[BlackClock "01:21:12"]
[PlyCount "118"]
[WhiteFideId "34616748"]
[BlackFideId "34623833"]
[EventCountry "GER"]
[EventRounds "9"]
[EventType "swiss"]
[EventDate "2024.05.18"]

1. e4 {[%clk 01:30:57]} {[%emt 00:00:02]} c5 {[%clk 01:30:46]} {[%emt
00:00:14]} 2. Nf3 {[%clk 01:31:20]} {[%emt 00:00:07]} d6 {[%emt 00:00:05]} 3.
d4 {[%clk 01:31:44]} {[%emt 00:00:05]} cxd4 {[%clk 01:31:39]} {[%emt 00:00:03]}
4. Nxd4 {[%clk 01:32:01]} {[%emt 00:00:13]} Nf6 {[%clk 01:32:05]} {[%emt
00:00:04]} 5. Nc3 {[%clk 01:32:16]} {[%emt 00:00:16]} g6 {[%clk 01:32:30]}
{[%emt 00:00:05]} 6. Be3 {[%clk 01:32:34]} {[%emt 00:00:11]} Bg7 {[%clk
01:32:49]} {[%emt 00:00:11]} 7. Be2 {[%clk 01:32:07]} {[%emt 00:00:58]} O-O
{[%clk 01:31:51]} {[%emt 00:01:27]} 8. f4 {[%clk 01:31:54]} {[%emt 00:00:44]}
Nc6 {[%clk 01:31:27]} {[%emt 00:00:54]} 9. O-O {[%clk 01:32:14]} {[%emt
00:00:09]} Qb6 {[%clk 01:30:24]} {[%emt 00:01:34]} 10. Rb1 {[%clk 01:30:51]}
{[%emt 00:01:52]} Nxe4 {[%clk 01:30:15]} {[%emt 00:00:39]} 11. Nf5 {[%clk
01:30:33]} {[%emt 00:00:48]} Nxc3 {[%clk 01:30:19]} {[%emt 00:00:26]} 12. bxc3
{[%clk 01:30:45]} {[%emt 00:00:18]} Qc7 {[%clk 01:30:34]} {[%emt 00:00:16]} 13.
Nxg7 {[%clk 01:30:07]} {[%emt 00:01:07]} Kxg7 {[%clk 01:30:50]} {[%emt
00:00:14]} 14. g4 {[%clk 01:30:08]} {[%emt 00:00:29]} f6 {[%clk 01:28:26]}
{[%emt 00:02:55]} 15. f5 {[%clk 01:29:53]} {[%emt 00:00:45]} g5 {[%clk
01:28:44]} {[%emt 00:00:11]} 16. Qd5 {[%clk 01:29:12]} {[%emt 00:01:11]} b6
{[%clk 01:27:46]} {[%emt 00:01:28]} 17. h4 {[%clk 01:26:44]} {[%emt 00:02:57]}
h6 {[%clk 01:26:08]} {[%emt 00:02:09]} 18. hxg5 {[%clk 01:26:32]} {[%emt
00:00:43]} hxg5 {[%clk 01:26:31]} {[%emt 00:00:06]} 19. Bb5 {[%clk 01:26:27]}
{[%emt 00:00:35]} Bb7 {[%clk 01:26:46]} {[%emt 00:00:15]} 20. Bxc6 {[%clk
01:26:05]} {[%emt 00:00:52]} Bxc6 {[%clk 01:27:04]} {[%emt 00:00:12]} 21. Qd4
{[%clk 01:26:05]} {[%emt 00:00:30]} Rh8 {[%clk 01:27:17]} {[%emt 00:00:17]} 22.
Bxg5 {[%clk 01:24:15]} {[%emt 00:02:20]} d5 {[%clk 01:27:04]} {[%emt 00:00:43]}
23. Bf4 {[%clk 01:24:32]} {[%emt 00:00:13]} Qd7 {[%clk 01:27:01]} {[%emt
00:00:33]} 24. g5 {[%clk 01:23:11]} {[%emt 00:01:52]} Rag8 {[%clk 01:26:11]}
{[%emt 00:01:20]} 25. g6 {[%clk 01:18:09]} {[%emt 00:05:31]} Rh5 {[%clk
01:24:00]} {[%emt 00:02:40]} 26. Qd3 {[%clk 01:14:32]} {[%emt 00:04:08]} d4
{[%clk 01:20:06]} {[%emt 00:04:24]} 27. cxd4 {[%clk 01:13:57]} {[%emt
00:01:05]} Qd5 {[%clk 01:19:09]} {[%emt 00:01:28]} 28. Qg3 {[%clk 01:09:11]}
{[%emt 00:05:11]} Rgh8 {[%clk 01:15:41]} {[%emt 00:04:02]} 29. Kf2 {[%clk
00:58:43]} {[%emt 00:10:58]} Qxd4+ {[%clk 01:14:40]} {[%emt 00:01:30]} 30. Qe3
{[%clk 00:57:21]} {[%emt 00:01:51]} Rh2+ {[%clk 01:14:12]} {[%emt 00:01:00]}
31. Ke1 {[%clk 00:57:21]} {[%emt 00:00:30]} Qxe3+ {[%clk 01:14:20]} {[%emt
00:00:23]} 32. Bxe3 {[%clk 00:57:42]} {[%emt 00:00:09]} Rxc2 {[%clk 01:14:41]}
{[%emt 00:00:09]} 33. Rc1 {[%clk 00:57:34]} {[%emt 00:00:37]} Rhh2 {[%clk
01:14:39]} {[%emt 00:00:32]} 34. Rxc2 {[%clk 00:57:56]} {[%emt 00:00:08]} Rxc2
{[%clk 01:15:04]} {[%emt 00:00:05]} 35. Rf2 {[%clk 00:58:08]} {[%emt 00:00:18]}
Rxf2 {[%clk 01:15:22]} {[%emt 00:00:12]} 36. Kxf2 {[%clk 00:58:25]} {[%emt
00:00:13]} Be4 {[%clk 01:15:47]} {[%emt 00:00:06]} 37. Bf4 {[%clk 00:58:28]}
{[%emt 00:00:26]} Bxf5 {[%clk 01:16:05]} {[%emt 00:00:12]} 38. Bb8 {[%clk
00:58:57]} {[%emt 00:00:02]} a6 {[%clk 01:16:26]} {[%emt 00:00:09]} 39. Ba7
{[%clk 00:59:17]} {[%emt 00:00:08]} b5 {[%clk 01:16:51]} {[%emt 00:00:06]} 40.
Bc5 {[%emt 00:00:16]} e5 {[%clk 01:17:12]} 41. Ke3 {[%clk 00:59:28]} {[%emt
00:00:42]} Kxg6 {[%clk 01:17:35]} {[%emt 00:00:07]} 42. Bd6 {[%clk 00:59:50]}
{[%emt 00:00:08]} Be6 {[%clk 01:17:57]} {[%emt 00:00:08]} 43. a3 {[%clk
01:00:11]} {[%emt 00:00:09]} Kf5 {[%clk 01:18:17]} {[%emt 00:00:10]} 44. Bc7
{[%clk 01:00:19]} {[%emt 00:00:22]} Bc4 {[%clk 01:18:32]} {[%emt 00:00:15]} 45.
Bd6 {[%clk 01:00:21]} {[%emt 00:00:28]} Ke6 {[%clk 01:18:52]} {[%emt 00:00:11]}
46. Bb4 {[%clk 01:00:23]} {[%emt 00:00:27]} f5 {[%clk 01:19:16]} {[%emt
00:00:06]} 47. Bc3 {[%clk 00:59:36]} {[%emt 00:01:15]} f4+ {[%clk 01:19:35]}
{[%emt 00:00:13]} 48. Ke4 {[%clk 00:59:50]} {[%emt 00:00:15]} Bd5+ {[%clk
01:20:01]} {[%emt 00:00:06]} 49. Kd3 {[%clk 00:59:59]} {[%emt 00:00:19]} Kf5
{[%clk 01:20:24]} {[%emt 00:00:07]} 50. Ke2 {[%clk 01:00:13]} {[%emt 00:00:15]}
Bc4+ {[%clk 01:20:42]} {[%emt 00:00:14]} 51. Kf2 {[%clk 01:00:31]} {[%emt
00:00:12]} e4 {[%clk 01:21:06]} {[%emt 00:00:07]} 52. Bd4 {[%clk 01:00:39]}
{[%emt 00:00:22]} e3+ {[%clk 01:21:05]} {[%emt 00:00:30]} 53. Bxe3 {[%clk
01:00:25]} {[%emt 00:00:43]} fxe3+ {[%clk 01:21:27]} {[%emt 00:00:09]} 54. Kxe3
{[%clk 01:00:50]} {[%emt 00:00:06]} Ke5 {[%clk 01:21:54]} {[%emt 00:00:03]} 55.
Kd2 {[%clk 01:01:06]} {[%emt 00:00:14]} Kd4 {[%clk 01:22:18]} {[%emt 00:00:05]}
56. Kc2 {[%clk 01:01:16]} {[%emt 00:00:20]} a5 {[%clk 01:22:37]} {[%emt
00:00:12]} 57. a4 {[%clk 00:59:50]} {[%emt 00:01:55]} b4 {[%clk 01:20:55]}
{[%emt 00:02:12]} 58. Kb1 {[%emt 00:01:26]} Kc3 {[%clk 01:21:12]} {[%emt
00:00:11]} 59. Kc1 {[%clk 00:59:13]} {[%emt 00:00:13]} Ba2 {[%emt 00:00:25]}
0-1

[Event "ODJM C 2024"]
[Site "Willingen GER"]
[Date "2024.05.21"]
[Round "4"]
[White "Schilay, Vinzenz"]
[Black "Döscher, Rasmus"]
[Result "1-0"]
[Termination "normal"]
[Board "2"]
[WhiteElo "1143"]
[BlackElo "1503"]
[WhiteClock "00:53:59"]
[BlackClock "00:39:56"]
[PlyCount "95"]
[WhiteFideId "12983209"]
[BlackFideId "34625038"]
[EventCountry "GER"]
[EventRounds "9"]
[EventType "swiss"]
[EventDate "2024.05.18"]

1. Nc3 {[%clk 01:30:57]} {[%emt 00:00:03]} e5 {[%clk 01:30:48]} {[%emt
00:00:13]} 2. d4 {[%clk 01:31:03]} {[%emt 00:00:23]} exd4 {[%clk 01:29:55]}
{[%emt 00:01:23]} 3. Qxd4 {[%clk 01:31:25]} {[%emt 00:00:08]} Nc6 {[%clk
01:29:56]} {[%emt 00:00:29]} 4. Qc4 {[%clk 01:30:55]} {[%emt 00:00:59]} Nf6
{[%clk 01:29:46]} {[%emt 00:00:41]} 5. Bg5 {[%clk 01:31:16]} {[%emt 00:00:09]}
d5 {[%clk 01:28:57]} {[%emt 00:01:20]} 6. Qh4 {[%clk 01:30:32]} {[%emt
00:01:12]} Be7 {[%clk 01:27:28]} {[%emt 00:02:00]} 7. O-O-O {[%clk 01:29:51]}
{[%emt 00:01:12]} O-O {[%clk 01:21:32]} {[%emt 00:06:25]} 8. Nf3 {[%clk
01:29:59]} {[%emt 00:00:22]} Bf5 {[%clk 01:18:45]} {[%emt 00:03:16]} 9. Nd4
{[%clk 01:19:59]} {[%emt 00:10:31]} Nxd4 {[%clk 01:15:32]} {[%emt 00:03:43]}
10. Rxd4 {[%clk 01:19:17]} {[%emt 00:01:12]} h6 {[%clk 01:12:56]} {[%emt
00:03:06]} 11. Qf4 {[%clk 01:16:25]} {[%emt 00:03:22]} Be6 {[%clk 01:10:22]}
{[%emt 00:03:04]} 12. h4 {[%clk 01:09:47]} {[%emt 00:07:08]} hxg5 {[%clk
01:05:45]} {[%emt 00:05:07]} 13. hxg5 {[%clk 01:09:43]} {[%emt 00:00:33]} Ng4
{[%clk 01:04:38]} {[%emt 00:01:37]} 14. Ne4 {[%clk 01:06:06]} {[%emt 00:04:07]}
Bd7 {[%clk 00:59:19]} {[%emt 00:05:50]} 15. Rxd5 {[%clk 01:04:24]} {[%emt
00:02:12]} f5 {[%clk 00:54:27]} {[%emt 00:05:22]} 16. gxf6 {[%clk 01:03:29]}
{[%emt 00:01:26]} Bxf6 {[%clk 00:54:36]} {[%emt 00:00:20]} 17. Qg3 {[%clk
01:00:15]} {[%emt 00:03:44]} Qe7 {[%clk 00:52:51]} {[%emt 00:02:15]} 18. Qh3
{[%clk 00:55:48]} {[%emt 00:04:57]} Nh6 {[%clk 00:46:17]} {[%emt 00:07:05]} 19.
Rxd7 {[%clk 00:55:31]} {[%emt 00:00:46]} Qxe4 {[%clk 00:46:08]} {[%emt
00:00:39]} 20. Qg3 {[%clk 00:54:44]} {[%emt 00:01:15]} Rf7 {[%clk 00:44:32]}
{[%emt 00:02:08]} 21. Qb3 {[%clk 00:52:44]} {[%emt 00:02:31]} Qe8 {[%clk
00:43:54]} {[%emt 00:01:08]} 22. Rxc7 {[%clk 00:52:10]} {[%emt 00:01:03]} Bg5+
{[%clk 00:43:33]} {[%emt 00:00:51]} 23. e3 {[%clk 00:52:04]} {[%emt 00:00:36]}
Nf5 {[%clk 00:38:20]} {[%emt 00:05:42]} 24. Bc4 {[%clk 00:51:24]} {[%emt
00:01:10]} Nd6 {[%clk 00:36:33]} {[%emt 00:02:18]} 25. Rxf7 {[%clk 00:50:09]}
{[%emt 00:01:45]} Nxf7 {[%clk 00:36:48]} {[%emt 00:00:15]} 26. Bxf7+ {[%clk
00:50:31]} {[%emt 00:00:08]} Qxf7 {[%clk 00:36:35]} {[%emt 00:00:43]} 27. Rh8+
{[%clk 00:50:46]} {[%emt 00:00:15]} Kxh8 {[%clk 00:36:58]} {[%emt 00:00:06]}
28. Qxf7 {[%clk 00:51:12]} {[%emt 00:00:05]} Rd8 {[%clk 00:36:33]} {[%emt
00:00:55]} 29. Qh5+ {[%clk 00:50:15]} {[%emt 00:01:27]} Bh6 {[%clk 00:36:56]}
{[%emt 00:00:07]} 30. g4 {[%clk 00:50:28]} {[%emt 00:00:17]} Kg8 {[%clk
00:36:51]} {[%emt 00:00:35]} 31. g5 {[%clk 00:50:49]} {[%emt 00:00:09]} Rd5
{[%clk 00:37:18]} {[%emt 00:00:03]} 32. Qe8+ {[%clk 00:50:58]} {[%emt
00:00:20]} Kh7 {[%clk 00:37:22]} {[%emt 00:00:27]} 33. gxh6 {[%clk 00:51:18]}
{[%emt 00:00:10]} Rg5 {[%clk 00:37:20]} {[%emt 00:00:32]} 34. hxg7 {[%clk
00:50:55]} {[%emt 00:00:54]} Rxg7 {[%clk 00:37:39]} {[%emt 00:00:10]} 35. Kd2
{[%clk 00:51:10]} {[%emt 00:00:15]} Rg5 {[%clk 00:37:30]} {[%emt 00:00:39]} 36.
Qe7+ {[%clk 00:51:07]} {[%emt 00:00:32]} Kh6 {[%clk 00:37:40]} {[%emt
00:00:20]} 37. Qxg5+ {[%clk 00:51:30]} {[%emt 00:00:08]} Kxg5 {[%clk 00:37:56]}
{[%emt 00:00:14]} 38. f4+ {[%clk 00:51:49]} {[%emt 00:00:11]} Kf5 {[%clk
00:38:17]} {[%emt 00:00:09]} 39. Kd3 {[%clk 00:52:11]} {[%emt 00:00:07]} Ke6
{[%clk 00:38:35]} {[%emt 00:00:12]} 40. e4 {[%clk 00:52:32]} {[%emt 00:00:10]}
b5 {[%clk 00:38:30]} 41. a3 {[%clk 00:52:15]} {[%emt 00:01:23]} a5 {[%clk
00:38:42]} 42. b4 {[%clk 00:52:25]} {[%emt 00:00:37]} a4 {[%clk 00:38:56]} 43.
c4 {[%clk 00:52:36]} {[%emt 00:00:34]} bxc4+ {[%clk 00:39:01]} 44. Kxc4 {[%clk
00:53:00]} {[%emt 00:00:32]} Kd6 {[%clk 00:39:22]} {[%emt 00:00:09]} 45. b5
{[%clk 00:53:12]} {[%emt 00:00:17]} Kd7 {[%clk 00:39:25]} {[%emt 00:00:27]} 46.
Kc5 {[%clk 00:53:28]} {[%emt 00:00:14]} Kd8 {[%clk 00:39:45]} {[%emt 00:00:10]}
47. Kb6 {[%clk 00:53:49]} {[%emt 00:00:09]} Kc8 {[%clk 00:39:56]} {[%emt
00:00:20]} 48. Ka7 {[%clk 00:53:59]} {[%emt 00:00:20]} 1-0